<?xml version="1.0" encoding="UTF-8"?>
<record
    xmlns:xsi="http://www.w3.org/2001/XMLSchema-instance"
    xsi:schemaLocation="http://www.loc.gov/MARC21/slim http://www.loc.gov/standards/marcxml/schema/MARC21slim.xsd"
    xmlns="http://www.loc.gov/MARC21/slim">

  <leader>01343nab a22002057a 4500</leader>
  <datafield tag="999" ind1=" " ind2=" ">
    <subfield code="c">5885</subfield>
    <subfield code="d">5885</subfield>
  </datafield>
  <controlfield tag="003">OSt</controlfield>
  <controlfield tag="005">20260109030152.0</controlfield>
  <controlfield tag="008">190514b        xxu||||| |||| 00| 0 spa d</controlfield>
  <datafield tag="040" ind1=" " ind2=" ">
    <subfield code="c">PJ</subfield>
  </datafield>
  <datafield tag="100" ind1=" " ind2=" ">
    <subfield code="9">6297</subfield>
    <subfield code="a">Rodr&#xED;guez, Mar&#xED;a Laura</subfield>
  </datafield>
  <datafield tag="245" ind1="1" ind2="3">
    <subfield code="a">Evaluaci&#xF3;n diagn&#xF3;stica de las capacidades ma-parentales :</subfield>
    <subfield code="b">contribuciones desde el trabajo social forense /</subfield>
    <subfield code="c">Mar&#xED;a Laura Rodr&#xED;guez.</subfield>
  </datafield>
  <datafield tag="300" ind1=" " ind2=" ">
    <subfield code="a">p. 166-174</subfield>
  </datafield>
  <datafield tag="505" ind1=" " ind2=" ">
    <subfield code="a">Sumario: I. Introducci&#xF3;n.&#x2014; II. Una aproximaci&#xF3;n a la definici&#xF3;n de capacidades ma-parentales.&#x2014; III. De la familia nuclear a la pluralidad familiar. Contexto socioecon&#xF3;mico.&#x2014; IV. El ejercicio del rol de cuidado con perspectiva de g&#xE9;nero.&#x2014; V. El lugar de lxs ni&#xF1;xs y adolescentes en la sociedad.&#x2014; VI. Pensar las capacidades ma-parentales desde la interseccionalidad.&#x2014; VII. Proceso metodol&#xF3;gico para la evaluaci&#xF3;n de las capacidades ma-parentales.&#x2014; VIII. Dimensiones para la evaluaci&#xF3;n de las capacidades ma-parentales.&#x2014; IX. Algunas palabras finales.</subfield>
  </datafield>
  <datafield tag="505" ind1=" " ind2=" ">
    <subfield code="t">Si te interesa el texto, comunicate a koha@justierradelfuego.gov.ar</subfield>
  </datafield>
  <datafield tag="650" ind1=" " ind2="0">
    <subfield code="9">967</subfield>
    <subfield code="a">DERECHO DE FAMILIA</subfield>
  </datafield>
  <datafield tag="650" ind1=" " ind2="0">
    <subfield code="9">470</subfield>
    <subfield code="a">RELACIONES DE FAMILIA</subfield>
  </datafield>
  <datafield tag="650" ind1=" " ind2="0">
    <subfield code="9">4044</subfield>
    <subfield code="a">PERSPECTIVA DE G&#xC9;NERO</subfield>
  </datafield>
  <datafield tag="773" ind1="0" ind2=" ">
    <subfield code="0">2844</subfield>
    <subfield code="9">3222</subfield>
    <subfield code="d">Buenos Aires : AbeledoPerrot, 1989-</subfield>
    <subfield code="t">Derecho de familia. N&#xB0; 121 - Septiembre 2025</subfield>
    <subfield code="z">18511201</subfield>
  </datafield>
  <datafield tag="942" ind1=" " ind2=" ">
    <subfield code="2">udc</subfield>
    <subfield code="c">ANA</subfield>
  </datafield>
</record>
